00666nam a2200229Ia 4500003000900000008004100009040001300050040001300063041000800076100002000084245002500104250001200129260001400141260000900155300001100164300001000175490001700185490000700202942000700209999001700216952020300233IT-RoPAU120407s9999 xx 000 0 und d aIT-RoPAU cIT-RoPAU aita aBertrand Russel aScienza e religione  aMilano  aLonganesi c1974 a235 p. c19 cm aIl labirinto v30 cBK c29782d29782 00102ddc406LM__404_00000000000000071aPAULUSbPAULUSd2012-04-11l0oLM.404r2012-04-11 00:00:00w2012-04-11yBKzInserito da: Mario In data: 02 settembre 2011 fondo: Via A.Severo 56 Progr:32358